000 00372nam a2200133 i 4500
001 bg
100 1 _aSIWIŃSKI, Włodzimierz
245 0 _aKapitalizm wielonarodowy :
_bprzesłanki i bariery integracji gospodarczej /
_cWłodzimierz Siwiński.
260 _aWarszawa,
_c1976.
040 _cBPK
041 _apol
942 _cKS
008 s pl f |000 0 pol
999 _c26833
_d26833
856 _uhttp://koha.tu.koszalin.pl/cgi-bin/koha/opac-detail.pl?biblionumber=26833
_yKatalog online BPK